| 000 | 00950nas a2200325 4500 | ||
|---|---|---|---|
| 001 | BR2014005094 | ||
| 003 | BR-BrBNA | ||
| 005 | 20231205124359.0 | ||
| 007 | ta | ||
| 008 | 230509b bl.|||p| |||| 00| 00por d | ||
| 040 |
_aBR-BrBNA _bpor _cBiblioteca Nacional de Agricultura |
||
| 041 | _a(Pt) | ||
| 072 | _aH20 | ||
| 100 | 1 | _aGuerra, A.M.N. de M. | |
| 100 | 1 | _aRodrigues, F.A. | |
| 100 | 1 | _aBerger, P.G. | |
| 100 | 1 | _aBarros, A.F. | |
| 100 | 1 | _aRodrigues, Y.C. | |
| 100 | 1 | _aLima, T.C. | |
| 245 | 1 | _aResistência do algodoeiro à ferrugem tropical potencializada pelo silício | |
| 650 | _aALGODÃO | ||
| 650 | _aDOENÇA FÚNGICA | ||
| 650 | _aFERRUGEM | ||
| 650 | _aRESISTÊNCIA | ||
| 650 | _aSILÍCIO | ||
| 773 | 0 |
_tBragantia (Brazil) _xISSN 1678-4499 _g(2013), v. 72(3) p. 279-291 _wBR2014005094 |
|
| 856 | 4 | 0 | _uhttp://www.scielo.br/pdf/brag/v72n3/11.pdf |
| 909 |
_a202311 _bLúcia _c55 _dLúcia Elande |
||
| 942 |
_2AGRIS _n0 _cANA |
||
| 999 |
_c238775 _d238775 |
||